01246nam a22002657a 4500999001900000005001700019008004100036020001800077050002600095100002900121245011900150246005700269250001100326260007300337260003500410300002800445490004500473504003300518650006600551650008800617650007100705651006100776942001300837952013000850 c132525d13252520171026133444.0170425b mx ||||| |||| 00| 0 spa d a978607401172204aHD8039.O332bS65 20091 aSolís Pérez, Marlen.10aTrabajar y vivir en la fronterab: identidades laborales en las maquiladoras de Tijuanac/ Marlen Solís Pérez.30aIdentidades laborales en las maquiladores de Tijuana a1a ed. aSan Antonio del Mar,Tijuana, B.C. :bEl Colegio de la Frontera Norte bMiguel Ángel Porrúa,c2009 a267 p. :bil. ;c21 cm.0 aLas ciencias sociales. Tercera década. aBibliografía : p. 251-268. 72lembaMaquilaxEmpleadoszMéxicozTijuana (Baja california) 4aIndustria ensambladora trasnacionalxEmpleadoszMéxicozTijuana (Baja california) 72lembaPsicología industrialzMéxicozTijuana (Baja california) 4aTijuana (Baja California, Mexico) xCondiciones sociales 2lcccLIB 102lcc4070aUCIHbUCIHcCMAPd2017-04-25eDONf1a ed.kCSAoHD8039.O332 S65 2009pBCU000018321r2017-04-25 00:00:00t1yLIB